| 000 | 00832nam a22002657a 4500 | ||
|---|---|---|---|
| 999 |
_c15717 _d15717 |
||
| 003 | AR-CdUCM | ||
| 008 | 190429b ||||| |||| 00| 0 spa d | ||
| 040 |
_aMUNICIPALIDAD PROVINCIAL DEL CUSCO _cBIBLIOTECA MUNICIPAL DEL CUSCO |
||
| 082 |
_aEP / 803 / _bT16 |
||
| 100 |
_aTalaverano Rojas, Juana _929371 |
||
| 245 | _aSullu paramanta yachay / | ||
| 260 |
_aApurímac : _bKink´os, _c2009. |
||
| 300 |
_a14 páginas ; _bilustraciones, _c21 cm. |
||
| 500 | _aTexto en Quechua. | ||
| 650 |
_aLiteratura _983 |
||
| 650 |
_aCuentos infantiles _93927 |
||
| 650 |
_aSiglo XXI _92856 |
||
| 700 |
_aOlarte Huamán, Edith Yesica _934882 |
||
| 700 |
_aOrue Quispe, Flor Maribel (coautores) _934883 |
||
| 710 |
_aOPS. _934851 |
||
| 710 |
_aUNICEF. _99438 |
||
| 710 |
_aUNFPA. _934852 |
||
| 942 |
_2ddc _cLIBROS |
||
| 945 |
_aachl _d2019-04-29 |
||